Datum a čas kvízu
23.5
Celkem bodů
Celkový počet nahraných bodů na tomto kvízu bez doplňovacích otázek.
5.
Pořadí na kvízu
Konečné umístění týmu na tomto kvízu.
Zaznamenané odpovědi
| # | Otázka | Odpověď | Body | Výsledky |
|---|---|---|---|---|
| 1. | Jeden z vysokých ústavních čin... | Radek Vondráček | 1 | |
| 2. | Norští archeologové našli v le... | lyže | 1 | |
| 3. | Svůj poslední koncert po šedes... | Spirituál kvintet | 1 | |
| 4. | Po 75 letech existence minulý... | Alitalia | 1 | |
| 5. | Jihočeský Motor získal do svéh... | Jiří Novotný | 1 | |
| 6. | Pokřín obecný je rostlina, kte... | mandragora | 1 | |
| 7. | Asa smrdutá je asijská rostlin... | čertovo lejno | 0 | |
| 7. | Sušený pelyněk kozalec se užív... | estragon | 0 | |
| 9. | Ledvinovník západní je tropick... | oříšky kešu | 1 | |
| 10. | Paznehtník je metr vysoká byli... | akant | 0 |